[Event "Reunion op 20th"]
[Site "St Denis"]
[Date "2018.10.18"]
[Round "6"]
[White "Ova, Roberto"]
[Black "Muller, Sebastien"]
[Result "1-0"]
[WhiteElo "1212"]
[BlackElo "1397"]
[PlyCount "109"]
[EventDate "2018.10.14"]
[EventType "swiss"]
[EventRounds "9"]
[EventCountry "RUF"]
[SourceTitle "CBM 187 Extra"]
[Source "ChessBase"]
[SourceDate "2018.11.04"]
[SourceVersion "1"]
[SourceVersionDate "2018.11.04"]
[SourceQuality "1"]

1. c4 c5 2. Nc3 g6 3. g3 Bg7 4. Bg2 Nc6 5. Nf3 a6 6. e3 d6 7. d4 cxd4 8. Nxd4 Bd7 9. Rb1 e5 10. Nf3 Bg4 11. Qa4 Nge7 12. 0-0 Nc8 13. Nxe5 Bxe5 14. Bxc6+ Bd7 15. Bxd7+ Qxd7 16. Qxd7+ Kxd7 17. Nd5 h5 18. h4 g5 19. f4 gxf4 20. exf4 Bd4+ 21. Be3 Bg7 22. Rfd1 Rg8 23. Kf2 b5 24. cxb5 axb5 25. a3 Rb8 26. Bd4 b4 27. Bxg7 Rxg7 28. Nxb4 Ne7 29. Rd3 Nf5 30. Nd5 Rg6 31. b4 Rb5 32. Nc3 Rb8 33. Rbd1 Rbg8 34. Ne4 Rc8 35. R1d2 Rc1 36. Rd5 Ke6 37. Ng5+ Kf6 38. Ra2 Rc3 39. Ne4+ Ke6 40. Nxc3 Rxg3 41. Rxf5 Rxc3 42. Rxh5 Rh3 43. Kg2 Re3 44. a4 Re4 45. Kf3 Rxb4 46. a5 f5 47. a6 Rb3+ 48. Ke2 Rh3 49. Ra5 Rh2+ 50. Kd3 Rh3+ 51. Kd4 Rh1 52. a7 Rd1+ 53. Kc3 Rc1+ 54. Kb2 Rc8 55. a8Q 1-0

[Event "Reunion op 19th"]
[Site "St Denis"]
[Date "2017.10.19"]
[Round "4"]
[White "Mercadal, Theo"]
[Black "Muller, Sebastien"]
[Result "1-0"]
[WhiteElo "1661"]
[BlackElo "1431"]
[PlyCount "77"]
[EventDate "2017.10.16"]
[EventType "swiss"]
[EventRounds "7"]
[EventCountry "RUF"]
[SourceTitle "CBM 181 Extra"]
[Source "ChessBase"]
[SourceDate "2017.12.12"]
[SourceVersion "1"]
[SourceVersionDate "2017.12.12"]
[SourceQuality "1"]

1. c4 c5 2. Nc3 g6 3. g3 Bg7 4. Bg2 a6 5. e3 d6 6. Nge2 Bg4 7. Bxb7 Ra7 8. Bg2 Qd7 9. 0-0 h5 10. f3 Bh3 11. Qa4 Qxa4 12. Nxa4 Bxg2 13. Kxg2 h4 14. d4 Nd7 15. Nac3 f5 16. Rd1 Ngf6 17. Nf4 hxg3 18. hxg3 cxd4 19. exd4 g5 20. Ne6 Bh6 21. Rh1 Rh7 22. Bxg5 Bxg5 23. Nxg5 Rg7 24. Ne6 Rg8 25. Rae1 Rb7 26. b3 f4 27. Nxf4 e5 28. dxe5 dxe5 29. Nd3 Kf8 30. Nxe5 Nc5 31. Rh6 Kg7 32. Rg6+ Kf8 33. Rxf6+ Kg7 34. Rg6+ Kf8 35. Rxg8+ Kxg8 36. Ne4 Ne6 37. Rd1 Rg7 38. Kf2 Rh7 39. Nf6+ 1-0

[Event "Reunion op 18th"]
[Site "St Denis"]
[Date "2016.10.11"]
[Round "2"]
[White "Triton, Maxime"]
[Black "Muller, Sebastien"]
[Result "1-0"]
[WhiteElo "1771"]
[BlackElo "1519"]
[PlyCount "57"]
[EventDate "2016.10.10"]
[EventType "swiss"]
[EventRounds "7"]
[EventCountry "RUF"]
[SourceTitle "CBM 175 Extra"]
[Source "ChessBase"]
[SourceDate "2016.12.12"]
[SourceVersion "1"]
[SourceVersionDate "2016.12.12"]
[SourceQuality "1"]

1. e4 e5 2. Nf3 Nc6 3. Bb5 d6 4. 0-0 Bd7 5. c3 a6 6. Ba4 h6 7. d4 g5 8. Bxc6 bxc6 9. h3 g4 10. hxg4 Bxg4 11. dxe5 h5 12. exd6 Bxd6 13. e5 Bxf3 14. Qxf3 Be7 15. Qxc6+ Kf8 16. Bf4 h4 17. e6 h3 18. Na3 hxg2 19. Kxg2 Nf6 20. Rad1 Qc8 21. Rh1 Rg8+ 22. Kf3 a5 23. Bh6+ Rg7 24. Bxg7+ Kxg7 25. Rdg1+ Ng4 26. Rxg4+ Kf6 27. Rh6+ Ke5 28. Nc4+ Kf5 29. Qe4# 1-0